000
00262nam a2200097Ia 4500
001
1300856
005
20260420095912.0
008
260420s9999 xx 000 0 und d
245
0
_a
İÇİMDEKİ SES
_c
GAYE BORALIOĞLU
260
_b
GÜNIŞIĞI KİTAPLIĞI YAYINLARI
999
_c
1300856
_d
1300856